Not my will / (Record no. 2695)
[ view plain ]
| 000 -LEADER | |
|---|---|
| fixed length control field | 00739cam a22002531a 4500 |
| 001 - CONTROL NUMBER | |
| control field | 8346561 |
| 003 - CONTROL NUMBER IDENTIFIER | |
| control field | GBCCL |
| 005 - DATE AND TIME OF LATEST TRANSACTION | |
| control field | 20241126110436.0 |
| 008 - FIXED-LENGTH DATA ELEMENTS--GENERAL INFORMATION | |
| fixed length control field | 840224s1946 ilu 000 1 eng |
| 010 ## - | |
| -- | 47001457 |
| 020 ## - INTERNATIONAL STANDARD BOOK NUMBER | |
| International Standard Book Number | 0802438059 |
| 035 ## - SYSTEM CONTROL NUMBER | |
| System control number | (OCoLC)10454674 |
| 040 ## - CATALOGING SOURCE | |
| Original cataloging agency | DLC |
| Transcribing agency | InMarC |
| Modifying agency | DGC |
| -- | OU |
| -- | DLC |
| 050 00 - | |
| -- | PZ3.A7544 |
| -- | No |
| -- | PS3501.R5935 |
| 082 ## - DEWEY DECIMAL CLASSIFICATION NUMBER | |
| Classification number | 813.54 |
| Item number | ARN |
| 100 1# - MAIN ENTRY--PERSONAL NAME | |
| Personal name | Arnold, Francena H. |
| Fuller form of name | (Francena Harriet), |
| Dates associated with a name | 1888-1972. |
| 9 (RLIN) | 5691 |
| 245 10 - TITLE STATEMENT | |
| Title | Not my will / |
| Statement of responsibility, etc. | by Francena H. Arnold. |
| 260 ## - PUBLICATION, DISTRIBUTION, ETC. | |
| Place of publication, distribution, etc. | Chicago, Ill. : |
| Name of publisher, distributor, etc. | Moody Press, |
| Date of publication, distribution, etc. | c1946. |
| 300 ## - PHYSICAL DESCRIPTION | |
| Extent | 334 p. ; |
| Dimensions | 18 cm. |
| 655 #7 - INDEX TERM--GENRE/FORM | |
| Genre/form data or focus term | Christian fiction. |
| Source of term | gsafd |
| 9 (RLIN) | 256 |
| 906 ## - LOCAL DATA ELEMENT F, LDF (RLIN) | |
| a | 7 |
| b | cbc |
| c | oclcrpl |
| d | u |
| e | ncip |
| f | 19 |
| g | y-gencatlg |
| 942 ## - ADDED ENTRY ELEMENTS (KOHA) | |
| Source of classification or shelving scheme | Dewey Decimal Classification |
| Koha item type | Books |
| Withdrawn status | Lost status | Source of classification or shelving scheme | Damaged status | Not for loan | Home library | Current Library | Shelving location | Date acquired | Total checkouts | Full call number | Barcode | Date last seen | Copy number | Price effective from | Koha item type |
|---|---|---|---|---|---|---|---|---|---|---|---|---|---|---|---|
| Dewey Decimal Classification | GRACE BIBLE COLLEGE | GRACE BIBLE COLLEGE | General Studies | 2017-09-12 | 813.54 ARN | 009648 | 2025-05-01 | c.1 | 2017-09-12 | Books |